Normal view MARC view
  • Singapore Institute of Surveyors

Entry Corporate Name

Number of records used in: 1

001 - CONTROL NUMBER

  • control field: 5271

003 - CONTROL NUMBER IDENTIFIER

  • control field: SIRSI

005 - DATE AND TIME OF LATEST TRANSACTION

  • control field: 20190806150241.0

008 - FIXED-LENGTH DATA ELEMENTS

  • fixed length control field: 070712n| acannaabn |n ana d

040 ## - CATALOGING SOURCE

  • Original cataloging agency: OSt
  • Transcribing agency: OSt

110 2# - HEADING--CORPORATE NAME

  • Corporate name or jurisdiction name as entry element: Singapore Institute of Surveyors

670 ## - SOURCE DATA FOUND

  • Source citation: The Surveyors Quarterly, [19-?]-